| Поле | Название | Значение |
| |
Тип записи |
a |
| |
Библиографический уровень |
m |
| 001 |
Контрольный номер |
LIBNET\0000488759 |
| 005 |
Дата корректировки |
20201206204957.4 |
| 010 |
Индекс ISBN |
__ |
| a |
ISBN |
978-5-91233-316-3 (в пер.) |
| d |
Цена |
257-77 |
| 100 |
Данные общей обработки |
__ |
| a |
Данные общей обработки |
19151112d2014####||| 0rusy0189 ca |
| 101 |
Язык документа |
0_ |
| a |
Язык текста |
rus |
| 102 |
Страна публикации |
__ |
| a |
Страна публикации |
RU| |
| 105 |
Кодированные данные (монография) |
__ |
| a |
Кодированные данные (монография) |
a|||||||001zy |
| 200 |
Заглавие и сведения об ответственности |
1_ |
| a |
Заглавие |
Маги и волшебники |
| e |
Сведения, относящиеся к заглавию |
[школьный путеводитель : для среднего и старшего школьного возраста] |
| f |
Первые сведения об ответственности |
[Дунаева Юлия Александровна ; иллюстрации А. А. Иванова] |
| b |
Общее обозначение материала |
Текст |
| 210 |
Выходные данные |
__ |
| a |
Место издания |
Санкт-Петербург |
| c |
Издательство |
Балтийская книжная компания |
| d |
Дата издания |
2014 |
| 215 |
Физическое описание |
__ |
| a |
Объем |
93, [2] с. |
| c |
Иллюстрации/тип воспроизводства |
ил. |
| d |
Формат |
24 см |
| 225 |
Серия |
__ |
| a |
Серия |
Узнай мир |
| i |
Наименование части |
Мифология |
| 300 |
Общие примечания |
__ |
| a |
Общие примечания |
Авт. указ. в вып. дан. |
| 300 |
Общие примечания |
__ |
| a |
Общие примечания |
Сведения об изд. указ. в вып. дан. |
| 300 |
Общие примечания |
__ |
| a |
Общие примечания |
Тираж не указан |
| 320 |
Библиография |
__ |
| a |
Библиография |
Указ.: с. 94 |
| 330 |
Аннотация |
__ |
| a |
Аннотация |
Думаете, маги и волшебники бывают только в детских сказках, романах фэнтези и компьютерных играх? Как бы не так. Окружающий мир был бы слишком просто устроен, если бы в нем не нашлось места для чего-нибудь волшебного или, как сказали бы взрослые, сверхъестественного. На протяжении тысячелетий люди изучали законы природы, и многие явления мы уже в состоянии объяснить с научной точки зрения. Многие, да не все. Казалось бы, уже обследовали нашу планету всеми возможными современными методами, а на ней все равно остаются темные уголки, этакие потайные чуланчики неизведанного. Нет-нет, да и преподносит нам окружающий мир сюрпризы: то какое-нибудь необычное природное явление, то нового зверя, а то и человек объявится с такими уникальными способностями, что все только удивляются. Бывает, что современная наука никак эти способности объяснить не может, а только руками разводит: дескать, надо изучать. Попробуем вместе разобраться в том, существуют ли на самом деле маги и волшебники, чем они отличаются от обычных людей, как они менялись на протяжении тысячелетий и почему многие люди до сих пор в них верят. |
| 606 |
Тематические рубрики |
__ |
| a |
Основная рубрика |
Религия. Мистика. Свободомыслие |
| 606 |
Тематические рубрики |
__ |
| a |
Основная рубрика |
Магия, мантика |
| 610 |
Ключевые слова |
__ |
| a |
Ключевые слова |
алхимики |
| a |
Ключевые слова |
ведьмы |
| a |
Ключевые слова |
волхвы |
| a |
Ключевые слова |
волшебники |
| a |
Ключевые слова |
детская литература |
| a |
Ключевые слова |
друиды |
| a |
Ключевые слова |
заклинатели дождя |
| a |
Ключевые слова |
йоги |
| a |
Ключевые слова |
маги |
| a |
Ключевые слова |
магия |
| a |
Ключевые слова |
Мерлин |
| a |
Ключевые слова |
мифология |
| a |
Ключевые слова |
оракулы |
| a |
Ключевые слова |
охота на ведьм |
| a |
Ключевые слова |
пифии |
| a |
Ключевые слова |
познавательная литература |
| a |
Ключевые слова |
предсказание |
| a |
Ключевые слова |
предсказатели |
| a |
Ключевые слова |
славянские волхвы |
| a |
Ключевые слова |
фокусники |
| a |
Ключевые слова |
чародеи |
| a |
Ключевые слова |
шаманы |
| a |
Ключевые слова |
экстрасенсы |
| a |
Ключевые слова |
языческие боги |
| 686 |
Индексы других классификаций |
__ |
| 2 |
Код системы |
rubbks |
| a |
Классификационный индекс |
ст86.41я2 |
| 700 |
Автор |
_1 |
| a |
Фамилия |
Дунаева |
| b |
Имя |
Ю. А. |
| g |
Полное личное имя |
Юлия Александровна |
| 4 |
Код отношения |
070 |
| 702 |
Вторичная интеллектуальная ответственность |
_1 |
| a |
Фамилия |
Иванов |
| b |
Имя |
А. А. |
| 4 |
Код отношения |
Иллюстратор |
| 4 |
Код отношения |
440 |
| 801 |
Источник записи |
_0 |
| a |
Страна |
RU |
| b |
Организация |
Муниципальное бюджетное учреждение культуры "Централизованная библиотечная система" г. Сургут (Центральная городская библиотека им. А. С. Пушкина) |
| c |
Дата составления |
20151112 |
| g |
Правила каталогизации |
КиК/Апакова |
| 801 |
Источник записи |
_1 |
| a |
Страна |
RU |
| b |
Организация |
Муниципальное бюджетное учреждение культуры "Централизованная библиотечная система" г. Сургут (Центральная городская библиотека им. А. С. Пушкина) |
| c |
Дата составления |
20151112 |
| g |
Правила каталогизации |
КиК/Апакова |
| 852 |
Данные о местонахождении |
__ |
| j |
Шифр хранения |
ст86.41я2 |
| i |
Авторский знак |
Д 83 |
| 901 |
Тип документа |
__ |
| t |
Тип документа |
m |
| 903 |
Характеристики (МАРС) |
__ |
| a |
Дата передачи |
20151112 |
| 969 |
Тип издания |
__ |
| a |
Тип издания |
путеводитель; издание для детей |
| 990 |
Данные о заказе (DOS) |
__ |
| j |
Количество экземпляров (DOS) |
1 |
| t |
N записи в КСУ для И/У (DOS) |
201511 |